000 00370nam a22001451a 4500
999 _c4006
_d4006
082 _aM3
_bPRA/B
100 _aPrabhakaran N
245 _aBahuvachanam/
_cby Prabhakaran N
260 _aKottayam:
_bSahitya Pravartaka Co-operative Society,
_c1997.
300 _a238p.
650 _aNovel Malayalam
650 _aLiterature Malayalam
650 _aLiterature
942 _cBK